000 00478nam a2200181Ia 4500
003 GCL
005 20240530101202.0
008 140319s9999 xx 000 0 eng d
040 _aGCL /
_cGCL
082 0 4 _a780.903
_bG M \\=aGRIFFITHS, PAULv
100 _aGRIFFITHS PAUL
245 1 0 _aMODERN MUSIC: A CONCISE HISTORY
_cGRIFFITHS PAUL
260 _a[S.N] :
_bTHAMES AND HUDSON ،
_c1994
300 _a219 P
650 0 4 _aMUSIC
650 0 4 _aMODERN MUSIC
942 _2ddc
_cBK
999 _c25534
_d25534